| 000 | 00352nam a2200157Ia 4500 | ||
|---|---|---|---|
| 003 | LK-CoDNM | ||
| 008 | 010623t1926 xxu||||| |||| 00| 1 eng d | ||
| 040 |
_aLK-CoDNM _dLK-CoDNM _eLK-CoDNM |
||
| 041 | _aeng | ||
| 080 |
_a327 _bTRO |
||
| 100 | _aTrotsky,Leon | ||
| 245 | _aEuropr America | ||
| 260 |
_b _c1926 |
||
| 300 | _b71p.;21 cm cm | ||
| 942 | _cBK | ||
| 999 |
_c93204 _d93204 |
||